01640cam a2200361 a 450000100090000000300040000900500170001300800410003001000170007102000380008803500200012604000220014604200080016805000150017606000110019108200200020224501250022224600530034725000120040026000380041230000420045050001440049250400510063650502260068765000360091365000300094970000340097973000600101390600450107394200120111899900160113095201320114617679779OSt20231022111618.0130328s2014 moua b 001 0 eng  a 2013012893 a9781455753581 (pbk. : alk. paper) a(DNLM)101605083 aDNLM/DLCcLCdDLC apcc00aRC440.F58 10aWY 16000a616.89/023122300aVarcarolis' foundations of psychiatric mental health nursing : a clinical approach.c[edited by] Margaret Jordan Halter.1 aFoundations of psychiatric mental health nursing a7th ed. aSt. Louis, Mo.:bElsevier,c2014. axxviii, 706 p. :bcol. ill. ;c28 cm. aRev. ed. of: Foundations of psychiatric mental health nursing / [edited by] Elizabeth M. Varcarolis, Margaret Jordan Halter. 6th ed. c2010. aIncludes bibliographical references and index. aContents: Foundations in theory -- Foundations for practice -- Psychosocial nursing tools -- Psychobiological disorders -- Trauma interventions -- Interventions for special populations -- Other intervention modalities -- 12aMental Disordersxnursing.965722aPsychiatric Nursing.93811 aHalter, Margaret Jordan914140 aFoundations of psychiatric mental health nursing.91415 a7bcbccorignewd1eecipf20gy-gencatlg 2lcccBK c9582d17082 00102lcc4070aWIUC-KLbWIUC-KLcNURS L.d2023-05-03l0oRC440.F58 (7e)pKSN/1174/121/23r2023-05-03 00:00:00w2023-05-03yBK